000
00197nam a2200085Ia 4500
008
120527s9999 xx 000 0 und d
100
_a
Dressler, et al
245
_a
Integrated mthematics
942
_c
BK
999
_c
27797
_d
27797